Great value self-build homes (Record no. 106820)

MARC details
000 -LEADER
fixed length control field 00946cam a22002175a 4500
001 - CONTROL NUMBER
control field L137550
008 - FIXED-LENGTH DATA ELEMENTS--GENERAL INFORMATION
fixed length control field 070413s2003 xxk f 000 0 eng d
020 ## - INTERNATIONAL STANDARD BOOK NUMBER
International Standard Book Number 095446690x
-- 9780954466909
035 ## - SYSTEM CONTROL NUMBER
System control number (Sirsi) u137550
041 0# - LANGUAGE CODE
Language code of text/sound track or separate title eng
050 04 - LIBRARY OF CONGRESS CALL NUMBER
Classification number 306.52 $2 18
110 2# - MAIN ENTRY--CORPORATE NAME
Corporate name or jurisdiction name as entry element Homebuilding and Renovating Magazine
9 (RLIN) 5221
245 04 - TITLE STATEMENT
Title Great value self-build homes
260 ## - PUBLICATION, DISTRIBUTION, ETC.
Place of publication, distribution, etc. Bromsgrove
Name of publisher, distributor, etc. Ascent Publishing Ltd
Date of publication, distribution, etc. 2003
300 ## - PHYSICAL DESCRIPTION
Extent 160p.
Other physical details ill.
Dimensions 30cm.
350 ## - PRICE (NR) (BK AM CF MU VM SE) [OBSOLETE]
Price 14.95
520 ## - SUMMARY, ETC.
Summary, etc. Contains details of 24 successful self-build home projects. Includes plans, photographs, and detailed interviews with the self-builders. Attention is paid to common problems which other self-builders may encounter. Several sections tackle tasks which the self-builder might tackle themselves, including bricklaying, electrical wiring, plastering and groundworks.
651 #4 - SUBJECT ADDED ENTRY--GEOGRAPHIC NAME
Geographic name United Kingdom
Chronological subdivision
690 ## - LOCAL SUBJECT ADDED ENTRY--TOPICAL TERM (OCLC, RLIN)
Topical term or geographic name as entry element Construction management
9 (RLIN) 6230
942 ## - ADDED ENTRY ELEMENTS (KOHA)
Suppress in OPAC 0
Holdings
Withdrawn status Lost status Source of classification or shelving scheme Damaged status Not for loan Home library Current library Shelving location Date acquired Cost, normal purchase price Total Checkouts Full call number Barcode Date last seen Date last checked out Copy number Cost, replacement price Price effective from Koha item type
    Dewey Decimal Classification     London London Books 11/06/2007 12.71 3 F306.52 HOM 30073860 06/08/2019 20/10/2009 2 12.71 06/08/2019 Book